ბათუმის შოთა რუსთაველის სახელმწიფო უნივერსიტეტის ბიბლიოთეკა

От Скифии до Элефантины : (ბიბ.ჩანაწერი № 61146)

000 -LEADER
fixed length control field 00762nam a22001817a 4500
005 - DATE AND TIME OF LATEST TRANSACTION
control field 20231225134004.0
008 - FIXED-LENGTH DATA ELEMENTS--GENERAL INFORMATION
fixed length control field 231225s1961 ru ||||| |||| 00| 0 rus d
041 ## - LANGUAGE CODE
Language code of text/sound track or separate title rus
080 ## - UNIVERSAL DECIMAL CLASSIFICATION NUMBER
Universal Decimal Classification number 91 Д-49
100 ## - MAIN ENTRY--PERSONAL NAME
Personal name Дитмар, А.Б.
9 (RLIN) 20864
245 ## - TITLE STATEMENT
Title От Скифии до Элефантины :
Remainder of title Жизнь и путешествия Геродота /
Statement of responsibility, etc. А.Б. Дитмар.
264 ## - PRODUCTION, PUBLICATION, DISTRIBUTION, MANUFACTURE, AND COPYRIGHT NOTICE
Place of production, publication, distribution, manufacture Москва :
Name of producer, publisher, distributor, manufacturer Государственное издательство географической литературы,
Date of production, publication, distribution, manufacture, or copyright notice 1961.
300 ## - PHYSICAL DESCRIPTION
Extent 88 с.:
Other physical details ил.;
Dimensions 20 см.
653 ## - INDEX TERM--UNCONTROLLED
keyword სკვითიდან ელეფანტინამდე
653 ## - INDEX TERM--UNCONTROLLED
keyword ისტორია
653 ## - INDEX TERM--UNCONTROLLED
keyword არქეოლოგია
942 ## - ADDED ENTRY ELEMENTS (KOHA)
Source of classification or shelving scheme
Koha item type წიგნი
ეგზემპლარები
Withdrawn status Lost status Source of classification or shelving scheme Damaged status Not for loan Permanent Location Current Location Shelving location Date acquired Cost, normal purchase price Full call number Barcode Date last seen Copy number Uniform Resource Identifier Price effective from Koha item type Public note
          ბათუმის შოთა რუსთაველის სახელმწიფო უნივერსიტეტის მთავარი ბიბლიოთეკა ბათუმის შოთა რუსთაველის სახელმწიფო უნივერსიტეტის მთავარი ბიბლიოთეკა წიგნსაცავი 2023-12-25 3.00 91 Д-49 65671 2023-12-25 65671 ბსუ-ს საპატიო დოქტორის გურამ ლორთქიფანიძის საჩუქარი 2023-12-25 წიგნი 3 ლ.